[Event "Bucharest TIT"]
[Site "Bucharest"]
[Date "1999.03.09"]
[Round "9"]
[White "Lupulescu, Constantin"]
[Black "Raceanu, Valentin"]
[Result "1/2-1/2"]
[WhiteElo "2261"]
[BlackElo "2234"]

1.e4 c5 2.Nf3 Nc6 3.Bb5 g6 4.O-O Nf6 5.Re1 Bg7 6.Bxc6 bxc6 7.d3 O-O 8.Nc3 d6
9.e5 Nd5 10.Ne4 Bg4 11.exd6 exd6 12.a3 h6 13.h3 Be6 14.c4 Nf6 15.Bf4 Nxe4
16.dxe4 d5 17.cxd5 cxd5 18.e5 g5 19.Bg3 a5 20.Rc1 Qb6 21.h4 g4 22.Nh2 Qxb2
23.Nxg4 Qd4 24.Qxd4 cxd4 25.Nh2 Rfc8 26.Nf3 Bf8 27.a4 Bb4 28.Rxc8+ Rxc8 29.Rd1 Bc3  1/2-1/2

[Event "Manhattan March Int"]
[Site "New York"]
[Date "1999.03.11"]
[Round "6"]
[White "Shliperman, Igor"]
[Black "Waitzkin, Joshua"]
[Result "1-0"]
[WhiteElo "2442"]
[BlackElo "2467"]

1.e4 c5 2.Nf3 Nc6 3.Bb5 d6 4.a4 Bd7 5.Nc3 Nf6 6.d3 e6 7.O-O Be7 8.Re1 O-O
9.Bg5 h6 10.Bh4 b6 11.d4 cxd4 12.Nxd4 Qc7 13.Bxc6 Bxc6 14.Ncb5 Qd7 15.Ra3 Bb7
16.Bxf6 Bxf6 17.Nf3 d5 18.e5 Be7 19.Rc3 Bc6 20.Nbd4 Bxa4 21.Nd2 Bb4 22.Rf3 Rac8
23.b3 Bc6 24.Ree3 Bc5 25.Rf4 Qe7 26.c3 Bxd4 27.Rxd4 f5 28.exf6 Qxf6 29.Qe1 Bd7
30.Nf3 Rc7 31.Ne5 Bc8 32.h4 a5 33.Rg3 b5 34.Qe3 Qf5 35.Kh2 Qxf2 36.Qd3 Qf5
37.Qe2 b4 38.Rf3 Qb1 39.Rxf8+ Kxf8 40.Rf4+ Kg8 41.h5 bxc3 42.Qf3 Kh7 43.Rf8  1-0

[Event "Lugano op"]
[Site "Lugano"]
[Date "1999.03.12"]
[Round "3"]
[White "Rogers, Ian"]
[Black "Horvath, Peter"]
[Result "1/2-1/2"]
[WhiteElo "2618"]
[BlackElo "2415"]

1.e4 c5 2.Nf3 Nc6 3.Bb5 g6 4.O-O Bg7 5.c3 Nf6 6.Qe2 O-O 7.d4 cxd4 8.cxd4 d5
9.e5 Ne4 10.Nc3 Bg4 11.Bxc6 Nxc3 12.bxc3 bxc6 13.Ba3 Qd7 14.h3 Bf5 15.Rfe1 h6
16.Nd2 g5 17.Nb3 Rfe8 18.Nc5 Qc8 19.e6 fxe6 20.g4 Bg6 21.h4 e5 22.h5 Bh7
23.dxe5 Rf8 24.Rad1 e6 25.Rd4 Rf7 26.Qe3 Qf8 27.Ra4 Rf3 28.Qe2 Qf7 29.Nxe6 Bd3
30.Qd1 Be4 31.Raxe4 dxe4 32.Rxe4 Rxf2 33.Nxg7 Kxg7 34.e6 Qf3 35.Qd4+ Kg8
36.Qxf2 Qxe4 37.Qf7+ Kh8 38.Bd6 Qxg4+ 39.Kf2 Qh4+ 40.Bg3 Qe4 41.e7 g4 42.Kg1 Rg8
43.Qf8 Qb1+ 44.Kh2 Qc2+ 45.Bf2 g3+ 46.Kh3 gxf2 47.Qxg8+ Kxg8 48.e8=Q+ Kg7
49.Qd7+ Kg8 50.Qc8+ Kf7 51.Qb7+ Kf8 52.Qb8+ Ke7 53.Qxa7+ Kd6 54.Qd4+ Kc7
55.Kg2 f1=Q+ 56.Kxf1 Qf5+ 57.Ke1 Qxh5 58.Qa7+ Kd6 59.a4 Qe5+ 60.Kd2 Qd5+
61.Kc1 Qh1+ 62.Kb2 Qg2+ 63.Ka3 Qd2 64.Qb8+ Kd7 65.Qb7+ Kd6 66.Qb4+ Kc7 67.Qa5+ Kb7
68.Qb4+ Kc7 69.Qa5+ Kb7 70.Qb4+  1/2-1/2

[Event "Victor Ciocaltea Memorial"]
[Site "Bucharest"]
[Date "1999.03.15"]
[Round "12"]
[White "Iordachescu, Viorel"]
[Black "Aronian, Levon"]
[Result "1/2-1/2"]
[WhiteElo "2539"]
[BlackElo "2502"]

1.e4 c5 2.Nf3 Nc6 3.Bb5 d6 4.Bxc6+ bxc6 5.O-O e5 6.c3 Nf6 7.Re1 Be7 8.d4 cxd4
9.cxd4 exd4 10.Nxd4 Bd7 11.Nc3 O-O 12.Bf4 d5 13.exd5 Nxd5 14.Nxd5 cxd5 15.Qf3 Bf6
16.Be5 Bxe5 17.Rxe5 Qb6 18.Qc3 Rac8 19.Qd2 Qd6 20.Rae1 h6 21.h3 Rfe8 22.Rxe8+ Rxe8
23.Rxe8+ Bxe8 24.b3 Qa3 25.Kh2 Bd7 26.f4 Qe7 27.Qe2 Qxe2 28.Nxe2 Kf8 29.Nd4 Ke7
30.h4 a5 31.a3 Kd6 32.b4 axb4 33.axb4 Bc8 34.Kg3 Bd7 35.Kf3 Kc7 36.Ke3 Kb6
37.g3 Kb7 38.Ne2 Bb5 39.Nc3 Bc4 40.Kd4 Kc6 41.Ke5 h5 42.Kd4 Bb3 43.Kd3 Bc4+
44.Ke3 Bf1 45.Kd4 Bg2 46.Nd1 Be4 47.Ne3 f6 48.Nd1 Bg2 49.Nc3 Bf3 50.Kd3 Bg2
51.Ke3 Bh1 52.Kd3 Bg2 53.Kd4 Bf3 54.b5+ Kb6 55.Nxd5+ Kxb5 56.Nc7+ Kc6 57.Ne8 g6
58.Ke3 Kd7 59.Nxf6+ Ke6 60.Ne4 Bg2 61.Nc3 Bh3 62.Nb5 Kd5 63.Nd4 Bf5 64.Nf3 Bb1
65.Nd2 Bf5 66.Kf2 Kd4 67.Nf1 Kd3 68.Ne3 Ke4 69.Nc4 Kd5 70.Ne5 Ke6 71.Kf3 Kd5
72.Ke3 Kc5 73.Nd3+ Kc4 74.Ne5+ Kd5 75.Nf7 Ke6 76.Ng5+ Kd5 77.Nf3 Kc5 78.Nd4 Kc4
79.Nf3  1/2-1/2

[Event "Novgorod op"]
[Site "Novgorod"]
[Date "1999.03.19"]
[Round "1"]
[White "Yemelin, Vasily"]
[Black "Shvedov, Sergey"]
[Result "1-0"]
[WhiteElo "2550"]
[BlackElo "2331"]

1.e4 c5 2.Nf3 Nc6 3.Bb5 g6 4.Bxc6 dxc6 5.d3 Bg7 6.h3 Nf6 7.Nc3 c4 8.dxc4 Qxd1+
9.Kxd1 Be6 10.c5 O-O-O+ 11.Ke1 Nd7 12.Be3 Ne5 13.Nd4 Nc4 14.Nxe6 fxe6 15.Nd1 Nxe3
16.fxe3 Rhf8 17.Rb1 Be5 18.Ke2 Bg3 19.h4 Rf7 20.Rh3 Bc7 21.Nf2 Rg8 22.Rf3 Rxf3
23.gxf3 Bg3 24.Rh1 Bxf2 25.Kxf2 e5 26.Rd1 h6 27.Kg3 Rf8 28.Rd3 Kc7 29.Ra3 a6
30.Rd3 Kc8 31.Kg4 Kc7 32.Rd2 Kc8 33.f4 exf4 34.exf4 Rf7 35.e5 Rf5 36.Rg2 Rf8
37.Kf3 Rg8 38.e6 h5 39.Ke3 Kc7 40.f5 Kd8 41.fxg6  1-0

[Event "MI Festival GM"]
[Site "Bucharest"]
[Date "1999.03.20"]
[Round "1"]
[White "Svetushkin, Dmitry"]
[Black "Brajovic, Radovan"]
[Result "1-0"]
[WhiteElo "2471"]
[BlackElo "2364"]

1.e4 c5 2.Nf3 Nc6 3.Bb5 Nf6 4.Nc3 Qc7 5.O-O Nd4 6.Ba4 e6 7.d3 a6 8.Nxd4 cxd4
9.Ne2 b5 10.Bb3 Bc5 11.h3 Bb7 12.Bf4 d6 13.Bh2 Qb6 14.a4 O-O 15.a5 Qd8 16.f4 Kh8
17.Kh1 Qe7 18.Qd2 Nd7 19.Bg1 e5 20.Ng3 g6 21.Kh2 f6 22.f5 Rae8 23.Be6 Rd8
24.b4 Ba7 25.Qe2 Nb8 26.c4 Nc6 27.Rab1 Rb8 28.Bd5 Qg7 29.cxb5 axb5 30.Rfc1 Nd8
31.Qa2 h5 32.fxg6 Qxg6 33.Bxb7 Rxb7 34.Nf5 Rg8 35.Rb2 Qg5 36.Rc8 Rbg7 37.Nxg7 Qxg7
38.Rf2 Qg3+ 39.Kh1 Qxd3 40.Rxf6 Qxe4 41.Rc7  1-0

[Event "Bled op"]
[Site "Bled"]
[Date "1999.03.21"]
[Round "2"]
[White "Basagic, Zlatko"]
[Black "Zinani, Alessandro"]
[Result "1-0"]
[WhiteElo "2316"]
[BlackElo "2178"]

1.e4 c5 2.Nf3 Nc6 3.Bb5 g6 4.O-O Bg7 5.Re1 a6 6.Bxc6 dxc6 7.h3 Nf6 8.Nc3 O-O
9.a4 b6 10.d3 a5 11.e5 Nd5 12.Ne4 Qc7 13.Ng3 Rd8 14.Bd2 Ba6 15.b3 Nb4 16.Qc1 f6
17.h4 h5 18.Ne4 Bc8 19.Bc3 Nd5 20.Bb2 Rf8 21.Nc3 Bg4 22.Nh2 Bf5 23.Ne4 fxe5
24.Ng5 Bd7 25.Nhf3 Rf5 26.Re4 Nb4 27.Qd2 Raf8 28.Rae1 Nd5 29.Bxe5 Bxe5 30.Rxe5 Rxe5
31.Rxe5 Rf5 32.d4 cxd4 33.Qxd4 Rf4 34.Qd2 Rf5 35.Re1 Qd6 36.Re4 c5 37.Qe1 Rf4
38.Re5 Rf5  1-0

[Event "Novgorod op"]
[Site "Novgorod"]
[Date "1999.03.21"]
[Round "3"]
[White "Loginov, Anton"]
[Black "Ovod, Evgenija"]
[Result "1-0"]
[WhiteElo "2320"]
[BlackElo "2290"]

1.Nf3 c5 2.e4 Nc6 3.Bb5 g6 4.O-O Bg7 5.c3 d5 6.Bxc6+ bxc6 7.Qa4 Bd7 8.e5 c4
9.d4 cxd3 10.Qd4 Bf5 11.Re1 Qc7 12.Be3 h5 13.Nbd2 Nh6 14.h3 O-O 15.Bg5 f6
16.exf6 exf6 17.Be3 g5 18.Qc5 Nf7 19.c4 Rfd8 20.Nd4 Ne5 21.Nxf5 Bf8 22.Qd4 c5
23.Qc3 Qd7 24.Nd4 cxd4 25.Bxd4 Bd6 26.c5 Rac8 27.b4 Bb8 28.Rac1 g4 29.h4 Qf5
30.Re3 Qf4 31.Nf1 Rd7 32.Rd1 Nf3+ 33.Rxf3 gxf3 34.g3 Qg4 35.Qxd3 Rg7 36.Bxf6 Qh3
37.Qxf3 Rf8 38.Qxd5+ Rgf7 39.Qg5+  1-0

[Event "Novgorod op"]
[Site "Novgorod"]
[Date "1999.03.22"]
[Round "4"]
[White "Grechihin, Valery"]
[Black "Tetradze, Natalia"]
[Result "0-1"]
[WhiteElo "2556"]
[BlackElo "2090"]

1.e4 c5 2.Nf3 Nc6 3.Bb5 g6 4.O-O Bg7 5.Re1 Nf6 6.c3 O-O 7.h3 e5 8.d3 d6 9.a3 a6
10.Bxc6 bxc6 11.Be3 a5 12.Nbd2 Ba6 13.Qc2 Re8 14.a4 Rb8 15.Rab1 h6 16.Red1 Qe7
17.Nc4 Qc7 18.Na3 Bc8 19.Qd2 Kh7 20.b4 d5 21.exd5 cxb4 22.d6 Qxd6 23.Nc4 Qd5
24.Nb6 Qd8 25.Nxc8 bxc3 26.Qxc3 Nd5 27.Qc4 Qxc8 28.Rxb8 Qxb8 29.Qxc6 Nxe3
30.fxe3 Qb3 31.Rd2 Rb8 32.Qc7 Rb7 33.Qxa5 e4 34.Ne5 exd3 35.Kf2 Re7 36.Nf3 Bc3
37.Qc5 Bxd2 38.Qxe7 Bc3 39.Qd7 Qc4 40.a5 Bxa5 41.Ne5 Qe6 42.Nc4  0-1

[Event "Bled op"]
[Site "Bled"]
[Date "1999.03.23"]
[Round "4"]
[White "Basagic, Zlatko"]
[Black "Susak, Zeljko"]
[Result "1-0"]
[WhiteElo "2316"]
[BlackElo "2220"]

1.e4 c5 2.Nf3 Nc6 3.Bb5 g6 4.O-O Bg7 5.Re1 Nf6 6.e5 Nd5 7.Nc3 Nc7 8.Bxc6 dxc6
9.Ne4 b6 10.Nf6+ Kf8 11.Ne4 Bg4 12.Nc3 Ne6 13.h3 Bxf3 14.Qxf3 Nd4 15.Qe4 Qc7
16.b4 cxb4 17.Qxd4 bxc3 18.Qxc3 h6 19.d4 Rd8 20.Re4 Kg8 21.Bf4 Qb7 22.Rae1 e6
23.h4 Rd5 24.h5 g5 25.Be3 Bf8 26.Rg4 Be7 27.f4 f5 28.exf6 Bxf6 29.Qd3 Qh7
30.Qe2 Qd7 31.c3 Rf5 32.fxg5 hxg5 33.Re4 Kf7 34.g4 Ra5 35.Rf1 Qd5 36.Qd3 Rxa2
37.c4 Qd6 38.Re5 Ke7 39.Rxf6 Ra1+ 40.Kg2 Kxf6 41.Bxg5+ Kf7 42.Qg6+ Kf8 43.Rf5+  1-0

[Event "Novgorod op"]
[Site "Novgorod"]
[Date "1999.03.23"]
[Round "5"]
[White "Prokopchuk, Evgeny"]
[Black "Sherbakov, Ruslan"]
[Result "1-0"]
[WhiteElo "2489"]
[BlackElo "2559"]

1.e4 c5 2.Nf3 Nc6 3.Bb5 e6 4.Bxc6 bxc6 5.d3 Ne7 6.Qe2 Qc7 7.e5 Nf5 8.Bd2 Be7
9.Bc3 O-O 10.Nbd2 Bb7 11.Rg1 d5 12.exd6 Nxd6 13.Qe5 f6 14.Qxe6+ Kh8 15.O-O-O Nb5
16.Ne4 Rad8 17.Rge1 Bc8 18.Qc4 Rd5 19.a4 a6 20.axb5 axb5 21.Qa2 Bg4 22.b3 Qb7
23.Ba1 Ra8 24.Qb1 Rd7 25.h3 Bxf3 26.gxf3 Qb8 27.Bb2 h6 28.Re2 c4 29.dxc4 Qf4+
30.Re3 Rxd1+ 31.Kxd1 f5 32.Nd2 Bc5 33.Be5 Qg5 34.Re2 Rd8 35.c3 Qg1+ 36.Kc2 Qg6
37.f4 Qh5 38.Qf1 Ra8 39.f3 Qf7 40.Rg2 Ra2+ 41.Kc1 Qa7 42.Nb1 Be3+ 43.Kd1 Qd7+
44.Ke1 Ra1 45.Ke2 Bxf4 46.Rxg7 Ra2+ 47.Ke1 Bd2+ 48.Kd1  1-0

[Event "Bled op"]
[Site "Bled"]
[Date "1999.03.25"]
[Round "6"]
[White "Mazi, Leon"]
[Black "Kamaryt, Thomas"]
[Result "1-0"]
[WhiteElo "2405"]
[BlackElo "2129"]

1.e4 c5 2.Nf3 Nc6 3.Bb5 e6 4.O-O Nge7 5.Re1 a6 6.Bf1 Ng6 7.c3 d5 8.exd5 Qxd5
9.d4 cxd4 10.cxd4 Be7 11.Nc3 Qd8 12.d5 exd5 13.Nxd5 O-O 14.Nxe7+ Ngxe7 15.Bg5 Qxd1
16.Raxd1 f6 17.Bc4+ Kh8 18.Be3 Bg4 19.Bc5 Bxf3 20.gxf3 Ne5 21.Rxe5 fxe5 22.Bxe7 Rfc8
23.Bb3 a5  1-0

[Event "Bled op"]
[Site "Bled"]
[Date "1999.03.26"]
[Round "7"]
[White "Staudner, Oliver"]
[Black "Jukic, Branimir"]
[Result "1-0"]
[WhiteElo "2353"]
[BlackElo "2378"]

1.e4 c5 2.Nf3 Nc6 3.Bb5 g6 4.Bxc6 bxc6 5.d3 Bg7 6.O-O d6 7.Nc3 e5 8.Ne1 Ne7
9.f4 f6 10.fxe5 fxe5 11.Be3 Rf8 12.Nf3 h6 13.Qd2 Ng8 14.Rf2 Be6 15.Raf1 g5
16.Ne2 Nf6 17.Nxg5 hxg5 18.Bxg5 Rf7 19.Ng3 Qe7 20.Nh5 Nxh5 21.Bxe7 Rxe7 22.g3 Kd7
23.Qg5 Rh8 24.a3 Rh7 25.b4 c4 26.dxc4 Nxg3 27.Qxg3 Bh6 28.Qd3 Reg7+ 29.Kh1 Kc7
30.Rf6 Re7 31.Rd1 Kb7 32.Qxd6  1-0

[Event "Novgorod op"]
[Site "Novgorod"]
[Date "1999.03.26"]
[Round "8"]
[White "Hovhanisian, Mher"]
[Black "Kalugin, Sergei"]
[Result "0-1"]
[WhiteElo "2395"]
[BlackElo "2355"]

1.e4 c5 2.Nf3 Nc6 3.Bb5 e6 4.Bxc6 bxc6 5.b3 f6 6.O-O d6 7.d4 cxd4 8.Nxd4 c5
9.Ne2 Ne7 10.c4 g6 11.Nbc3 Nc6 12.Be3 Be7 13.Bh6 Ne5 14.Ng3 Nf7 15.Be3 O-O
16.f4 f5 17.exf5 gxf5 18.Bc1 Bf6 19.Bb2 Bd4+ 20.Kh1 Nh6 21.Nge2 Bg7 22.Qd2 Bb7
23.Ng1 Ng4 24.Nf3 Rf6 25.Nd1 Rh6 26.h3 Nf6 27.Qe1 Nh5 28.Bxg7 Kxg7 29.Nc3 Qf6
30.Nb5 Rd8 31.Rd1 d5 32.cxd5 exd5 33.Ne5 d4 34.Kh2 Re8 35.Na3 Rg6 36.Rd2 Nxf4
37.Rxf4 Rxe5 38.Qf1 Qg5 39.Qf2 Bxg2 40.Nc4 Re1 41.Rg4 fxg4 42.Qxe1 Bd5 43.Qe5+ Qxe5+
44.Nxe5 g3+  0-1

[Event "Swidnica"]
[Site "Swidnica"]
[Date "1999.03.26"]
[Round "3"]
[White "Pedzich, Dominik"]
[Black "Zezulkin, Jurij"]
[Result "1/2-1/2"]
[WhiteElo "2436"]
[BlackElo "2473"]

1.e4 c5 2.Nf3 Nc6 3.Bb5 g6 4.O-O Bg7 5.c3 Nf6 6.e5 Nd5 7.d4 cxd4 8.cxd4 Nc7
9.Ba4 d6 10.Bxc6+ bxc6 11.Nc3  1/2-1/2

[Event "Hessen-ch op"]
[Site "Baunatal"]
[Date "1999.03.27"]
[Round "4"]
[White "Henzner, Rainer"]
[Black "Schnabel, Michael"]
[Result "1-0"]
[WhiteElo "2140"]
[BlackElo "2105"]

1.e4 c5 2.Nf3 Nc6 3.Bb5 g6 4.O-O Bg7 5.c3 e6 6.Re1 Nge7 7.d3 O-O 8.Nbd2 d5
9.Qe2 a6 10.Bxc6 Nxc6 11.Nf1 b5 12.e5 Bb7 13.Bg5 Qd7 14.h3 d4 15.N1h2 h6
16.Bf6 Ne7 17.cxd4 cxd4 18.Bxe7 Qxe7 19.Nxd4 Rad8 20.Qe3 Qd7 21.Nb3 Qd5 22.Nf3 Rc8
23.Rac1 Ba8 24.d4 Rfd8 25.Red1 Bf8 26.Ne1 Kg7 27.f3 Be7 28.Nd3 Qd7 29.Ndc5 Qd5
30.Ne4 Rc4 31.Rxc4 bxc4 32.Nbc5 Qc6 33.Rd2 Qb5 34.Nd6 Bg5 35.f4 Rxd6 36.exd6 Bf6
37.d7 Qc6 38.Qf3 Qxf3 39.gxf3 Bc6 40.Kf2 a5 41.Ke3 a4 42.Rc2 Bb5 43.Rc3 Kf8
44.Ne4 Be7 45.Nd6 Bxd7 46.Nxc4 Bb4 47.Rc1 Ke7 48.Ne5 Be8 49.Nc6+  1-0

[Event "Gelsenkirchen op"]
[Site "Gelsenkirchen"]
[Date "1999.03.28"]
[Round "?"]
[White "Boidman, Yuri"]
[Black "Jagodzinski, Andreas"]
[Result "1-0"]
[WhiteElo "2418"]
[BlackElo "2207"]

1.e4 c5 2.Nf3 Nc6 3.Bb5 Qb6 4.Nc3 e6 5.O-O Nge7 6.Re1 Ng6 7.Bxc6 Qxc6 8.d4 cxd4
9.Nxd4 Qc7 10.Ndb5 Qb8 11.Nd5 exd5 12.exd5+ Be7 13.d6 O-O 14.dxe7 Re8 15.Bg5 d5
16.Qxd5 Be6 17.Rxe6 fxe6 18.Qxe6+ Kh8 19.Nd6 a5 20.Nf7+ Kg8 21.Nh6+ Kh8 22.Qg8+  1-0

[Event "BL9899 (Women)"]
[Site "Germany"]
[Date "1999.03.28"]
[Round "11.1"]
[White "Ankerst, Milka"]
[Black "Bielicki, Birke"]
[Result "1/2-1/2"]
[WhiteElo "2128"]
[BlackElo "2165"]

1.e4 c5 2.Nf3 Nc6 3.Bb5 g6 4.O-O Bg7 5.Re1 Nf6 6.c3 O-O 7.e5 Nd5 8.d4 cxd4
9.cxd4 Nc7 10.Ba4 b5 11.Bb3 d6 12.Qc2 Na5 13.Bf4 Bf5 14.Qc3 Nxb3 15.Qxb3 Be6
16.Qa3 Nd5 17.Bd2 h6 18.Ba5 Qb8 19.Nbd2 b4 20.Qd3 Rc8 21.a3 Qb7 22.Ne4 Bf8
23.Nh4 dxe5 24.Nc5 Nf4 25.Qg3 Qd5 26.Bxb4 g5 27.Nxe6 fxe6 28.Qg4 exd4 29.Bd2 Bg7
30.Bxf4 gxf4 31.Ng6 Re8 32.Nxf4 Qf5 33.Qxf5 exf5 34.Ne6 Rab8 35.b4 Rbc8 36.Kf1 Bf6
37.Rad1 Rc4 38.Rd3 Kf7 39.f4 Rec8 40.Nc5 Rc3 41.Ke2 Rc2+ 42.Kf3 Rg8 43.g3 Rxh2
44.Nd7 h5 45.Re2 Rxe2 46.Kxe2 Ke6 47.Nxf6 Kxf6 48.Rxd4 Rxg3 49.a4 Ra3 50.a5 h4
51.Kf2 Ke6 52.Rc4 Kd6 53.Rc5 e6 54.Rb5 Kc7 55.Re5 Kd6 56.Rb5 Kc7 57.Re5 Kd6  1/2-1/2

[Event "Schloss Open A 5th"]
[Site "Werther"]
[Date "1999.03.28"]
[Round "5"]
[White "Cremer, Jochen"]
[Black "Kalinitschew, Sergey"]
[Result "0-1"]
[WhiteElo "2180"]
[BlackElo "2528"]

1.e4 c5 2.Nf3 Nc6 3.Bb5 e6 4.O-O Nge7 5.b3 Ng6 6.Bb2 f6 7.d4 cxd4 8.Nxd4 Nxd4
9.Bxd4 Qc7 10.Re1 Bd6 11.h3 O-O 12.Nc3 a6 13.Bf1 b5 14.Re3 Bb7 15.Ne2 Rac8
16.Rc3 Qb8 17.Qd3 Bc6 18.Bc5 Bxc5 19.Rxc5 d6 20.Rh5 Ne5 21.Qd4 Be8  0-1

[Event "Rheinhessen-ch MT1"]
[Site "Woerrstadt"]
[Date "1999.03.30"]
[Round "5"]
[White "Boos, Patrick"]
[Black "Justel, Detlef"]
[Result "0-1"]
[WhiteElo "2014"]
[BlackElo "2000"]

1.e4 c5 2.Nf3 Nc6 3.Bb5 d6 4.O-O Bd7 5.c3 Nf6 6.Re1 a6 7.Bxc6 Bxc6 8.d4 g6
9.d5 Bd7 10.e5 dxe5 11.Nxe5 Bg7 12.d6 Be6 13.Bg5 Qxd6 14.Qxd6 exd6 15.Nc4 Rd8
16.Bf4 Bf8 17.Nba3 Be7 18.Rad1 d5 19.Nb6 O-O 20.Bc7 Rde8 21.Bf4 Kg7 22.Nc2 Bd8
23.Na4 b6 24.Be5 Bd7 25.b3 Bc6 26.Nb2 Kg8 27.f3 Re6 28.c4 d4 29.Nd3 Rfe8
30.a4 Nd7 31.Bd6 Rxe1+ 32.Rxe1 Rxe1+ 33.Ncxe1 a5 34.Ne5 Nxe5 35.Bxe5 f6 36.Bg3 Kf7
37.Nd3 Ke8 38.Nf2 Kd7 39.h4 f5 40.Nh3 Bc7 41.Bxc7 Kxc7 42.Ng5 h6 43.Ne6+ Kd6
44.Nf8 Be8 45.Nh7 Ke7 46.Kf2 f4 47.Ke2 Bd7 48.Kd2 Bf5  0-1

[Event "Swidnica"]
[Site "Swidnica"]
[Date "1999.03.31"]
[Round "8"]
[White "Pedzich, Dominik"]
[Black "Yakovich, Yuri"]
[Result "1/2-1/2"]
[WhiteElo "2436"]
[BlackElo "2565"]

1.e4 c5 2.Nf3 Nc6 3.Bb5 g6 4.O-O Bg7 5.c3 Nf6 6.e5 Nd5 7.d4 cxd4 8.cxd4 O-O
9.Nc3 Nc7 10.Ba4 d6 11.Bxc6 bxc6 12.Qa4 Qd7 13.Re1 Ne6 14.exd6 exd6 15.Be3 Rb8
16.Qc2 Qb7 17.b3 Qb4 18.Rac1 Bb7 19.a3 Qa5 20.b4 Qf5 21.Qd2 a5 22.Bh6 axb4
23.axb4 Bxh6 24.Qxh6 Qf4 25.Qxf4 Nxf4 26.Re3 Ba6 27.Ra1 Bc4 28.g3 Nd5 29.Nxd5 Bxd5
30.Rb1 Rb5 31.Ne1 Rfb8 32.Nd3 Kf8 33.Rc1 R8b6 34.g4 Be6 35.h3 Ke7 36.Nf4 Rxb4
37.Nxe6 fxe6 38.Rce1 e5 39.dxe5 d5 40.Kg2 Ke6 41.Kg3 g5 42.h4 h6 43.hxg5 hxg5
44.Rh1 Re4 45.Rf3 Rxe5 46.Rh6+ Kd7 47.Rf7+ Re7 48.Rf5 Rg7 49.Rxd5+ cxd5 50.Rxb6 Ke7  1/2-1/2

[Event "BEL-chT9899"]
[Site "Antwerp"]
[Date "1999.03.??"]
[Round "8"]
[White "Van Uytven, Eric"]
[Black "Bezsilko, Philippe"]
[Result "1-0"]
[WhiteElo "2120"]
[BlackElo "2280"]

1.e4 c5 2.Nf3 Nc6 3.Bb5 g6 4.O-O Bg7 5.Nc3 e6 6.Re1 Nge7 7.d3 Nd4 8.a4 O-O
9.Bg5 d6 10.Bh4 Rb8 11.e5 d5 12.a5 Qc7 13.Ba4 Nef5 14.Nxd4 cxd4 15.Nb5 Qc5
16.Bg5 a6 17.Nd6 h6 18.Nxf5 exf5 19.Bd2 Be6 20.Bb3 Rfe8 21.Re2 Bd7 22.Qe1 Bf8
23.f3 Re6 24.Qh4 g5 25.Qh5 f4 26.g3 fxg3 27.hxg3 Rg6 28.Rg2 Bg7 29.f4 Re8
30.Qf3 g4 31.Qxd5 Qxd5 32.Bxd5 Bc6 33.Bxc6 Rxc6 34.c4 f6 35.exf6 Bxf6 36.Re1 Rxe1+
37.Bxe1 Re6 38.Bd2 b6 39.f5 Rc6 40.Re2 Bg5 41.Bxg5 hxg5 42.Re6  1-0

[Event "Mar del Plata op 30th"]
[Site "Mar del Plata"]
[Date "1999.04.01"]
[Round "6"]
[White "Faig, Cristian"]
[Black "Panno, Oscar"]
[Result "1/2-1/2"]
[WhiteElo "2234"]
[BlackElo "2454"]

1.e4 c5 2.Nf3 Nc6 3.Bb5 g6 4.O-O Bg7 5.Re1 e5 6.Bxc6 dxc6 7.d3 Qe7 8.a4 Nf6
9.a5 O-O 10.Nc3 Rd8 11.Qe2 Ne8 12.b3 Nc7 13.Qe3 f6 14.Ba3 Bf8 15.Na4 Na6
16.c3 Qd6 17.Nxc5 Nxc5 18.d4 Qe6 19.Bxc5 Bxc5 20.dxc5 Qxb3 21.Nd2 Qb5 22.Reb1 Rd3
23.Qe2 Qa6 24.c4 Rd4 25.f4 Be6 26.fxe5 fxe5 27.Nf3 Rxc4 28.Nxe5 Rxc5 29.Qxa6 bxa6
30.Nf3 Re8 31.Rc1 Rc4 32.Rxc4 Bxc4 33.Rc1 Bb5 34.e5 Rd8 35.Kf2 Rd3 36.Re1 Kf8
37.Re3 Rd5 38.Ng5 Rd2+ 39.Kg3 h6 40.Rf3+ Ke7 41.Nf7 Rd5 42.Nxh6 Rxe5 43.Rf7+ Ke6
44.Ng4 Rg5 45.Rf4 c5 46.h4 Rf5 47.Re4+ Kd6 48.Ne3 Rf6 49.Kg4 Bd3 50.Kg5 Re6
51.Rxe6+ Kxe6 52.Kf4 c4 53.Nd1 Kd5 54.Ke3 Kc5 55.g4 Kb4 56.Kd4 Be2 57.Ne3 c3
58.h5 gxh5 59.gxh5 Bxh5 60.Nd5+ Kxa5 61.Nxc3  1/2-1/2

[Event "Julian Borowski GM"]
[Site "Essen"]
[Date "1999.04.02"]
[Round "6"]
[White "Christiansen, Larry Mark"]
[Black "Bischoff, Klaus"]
[Result "1/2-1/2"]
[WhiteElo "2581"]
[BlackElo "2521"]

1.e4 c5 2.Nf3 Nc6 3.Bb5 e6 4.O-O Nge7 5.Nc3 a6 6.Bxc6 Nxc6 7.d4 cxd4 8.Nxd4 Qc7
9.Re1 Nxd4 10.Qxd4 f6 11.e5 f5 12.Bg5 b5 13.Qh4 Bb7 14.Ne2 Bc5 15.Rad1 O-O
16.Nf4 Be4 17.c3 Rf7 18.Nd3 Bf8 19.f3  1/2-1/2

[Event "Dreifluesse op 7th"]
[Site "Passau"]
[Date "1999.04.02"]
[Round "1"]
[White "Heedt, Thorsten"]
[Black "Lorke, Christian"]
[Result "1-0"]
[WhiteElo "2222"]
[BlackElo "1800"]

1.e4 c5 2.Nf3 Nc6 3.Bb5 g6 4.O-O Bg7 5.Nc3 a6 6.Bxc6 bxc6 7.d4 cxd4 8.Nxd4 c5
9.Nde2 d6 10.Bg5 Bd7 11.Qd2 Qb6 12.Nd5 Qb7 13.Qa5 Rc8 14.Rab1 Bb5 15.Rfe1 h6
16.Bf4 Nf6 17.Nec3 Bc6 18.b4 Nxd5 19.Nxd5 Bxd5 20.exd5 Bc3 21.Re3 Bd2 22.Rf3 Bxf4
23.Rxf4 Qxd5 24.Qxa6 Ra8 25.Qb5+ Kf8 26.bxc5 Rxa2 27.Qe2 Qxc5 28.Qe6  1-0

[Event "Dreifluesse op 7th"]
[Site "Passau"]
[Date "1999.04.02"]
[Round "2"]
[White "Jansa, Vlastimil"]
[Black "Klimpel, Thomas"]
[Result "1-0"]
[WhiteElo "2469"]
[BlackElo "2151"]

1.e4 c5 2.Nf3 Nc6 3.Bb5 e6 4.O-O Nge7 5.b3 a6 6.Bxc6 bxc6 7.Ba3 Ng6 8.d4 cxd4
9.Bxf8 Kxf8 10.Qxd4 Qe7 11.Nc3 c5 12.Qe3 Bb7 13.Rad1 Bc6 14.e5 Rc8 15.Ne4 Rc7
16.Nd6 Ba8 17.Ng5 f6 18.Ngf7 Rg8 19.f4 Nh4 20.Qh3 Nf5 21.Qxh7 Ne3 22.Nh8 g5
23.Qh6+ Qg7 24.Ng6+  1-0

[Event "Dreifluesse op 7th"]
[Site "Passau"]
[Date "1999.04.02"]
[Round "2"]
[White "Heiduczek, Josef"]
[Black "Teske, Henrik"]
[Result "0-1"]
[WhiteElo "2169"]
[BlackElo "2500"]

1.e4 c5 2.Nf3 Nc6 3.Bb5 e5 4.O-O Nge7 5.c3 g6 6.d4 exd4 7.cxd4 cxd4 8.Nxd4 Bg7
9.Be3 O-O 10.Nc3 d5 11.exd5 Nxd5 12.Nxc6 bxc6 13.Bxc6 Nxe3 14.fxe3 Rb8 15.Qxd8 Rxd8
16.Rad1 Be6 17.Rxd8+ Rxd8 18.Rd1 Rxd1+ 19.Nxd1 Bxa2 20.Ba4 Kf8 21.Kf2 Ke7
22.Ke2 Be5 23.Bc2 Bc4+ 24.Kf3 Kd6 25.b3 Bd5+ 26.e4 Be6 27.h3 Bd4 28.Ne3 Bxe3  0-1

[Event "EST-chT"]
[Site "Tallinn"]
[Date "1999.04.02"]
[Round "1"]
[White "Remmel, Anto"]
[Black "Jemeljanov, Anatoli"]
[Result "1/2-1/2"]
[WhiteElo "2238"]
[BlackElo "2165"]

1.e4 c5 2.Nf3 Nc6 3.Bb5 e6 4.c3 Nge7 5.O-O a6 6.Be2 d5 7.exd5 Nxd5 8.d4 Be7
9.dxc5 Bxc5 10.c4 Nde7 11.Qxd8+ Nxd8 12.Nc3 Nf5 13.Rd1 Nc6 14.Ne4 Nfd4 15.Nxc5 Nxe2+
16.Kf1 Nxc1 17.Raxc1 Ke7 18.Nd4 Nxd4 19.Rxd4 Rd8 20.Rxd8 Kxd8 21.Rd1+ Ke7
22.f4 b6 23.Nd3 Ra7 24.Rd2 Rc7 25.b3 Bb7 26.Kf2 Rd7 27.Ke3 f6 28.g3 Rd8 29.Rc2 a5
30.Rd2 Ba6 31.Rc2 Rd7 32.Rd2  1/2-1/2

[Event "ISR-ch op"]
[Site "Tel Aviv"]
[Date "1999.04.02"]
[Round "4"]
[White "Krays, Alexander"]
[Black "Tyomkin, Dimitri"]
[Result "1/2-1/2"]
[WhiteElo "2382"]
[BlackElo "2504"]

1.e4 c5 2.Nf3 Nc6 3.Bb5 g6 4.O-O Bg7 5.c3 Nf6 6.Re1 O-O 7.d4 cxd4 8.cxd4 d5
9.e5 Ne4 10.h3 f6 11.exf6 exf6 12.Nc3 Re8 13.Bf4 g5 14.Bh2 Nxc3 15.Rxe8+ Qxe8  1/2-1/2

[Event "Mitropa Cup"]
[Site "Baden"]
[Date "1999.04.03"]
[Round "3"]
[White "Pavasovic, Dusko"]
[Black "Oral, Tomas"]
[Result "1-0"]
[WhiteElo "2502"]
[BlackElo "2521"]

1.e4 c5 2.Nf3 Nc6 3.Bb5 e6 4.O-O Nge7 5.c3 a6 6.Ba4 b5 7.Bc2 Bb7 8.Qe2 d5
9.e5 d4 10.Be4 Ng6 11.cxd4 cxd4 12.d3 Be7 13.Nbd2 O-O 14.Nb3 Qb6 15.h4 Rfd8
16.h5 Nf8 17.h6 g6 18.Bg5 Bxg5 19.Nxg5 Nd7 20.f4 Ne7 21.Bxb7 Qxb7 22.Nd2 Qd5
23.Nde4 Nf5 24.g4 Ne3 25.Rfc1 Rac8 26.b4 Rf8 27.Rab1 Rxc1+ 28.Rxc1 f6 29.exf6 Nxf6
30.Nxf6+ Rxf6 31.Rc8+ Rf8 32.Nxh7 Rxc8 33.Nf6+ Kh8 34.Nxd5 exd5 35.Qe1 Kh7
36.Qh4 Rc2 37.Kh1 Rg2 38.Qe7+ Kxh6 39.Qf8+ Kh7 40.g5 Rf2 41.Qh6+ Kg8 42.Qxg6+ Kf8
43.Qf6+ Kg8 44.Qxa6 Rxf4 45.Qxb5 Kg7 46.Qb6 Rg4 47.Qh6+ Kf7 48.Qf6+ Kg8 49.g6  1-0

[Event "Mar del Plata op 30th"]
[Site "Mar del Plata"]
[Date "1999.04.03"]
[Round "8"]
[White "Daneri, Martin"]
[Black "Amura, Claudia Noemi"]
[Result "1/2-1/2"]
[WhiteElo "2154"]
[BlackElo "2355"]

1.e4 c5 2.Nf3 Nc6 3.Bb5 e6 4.Bxc6 bxc6 5.d3 Ne7 6.Bd2 Ng6 7.h4 h5 8.e5 c4
9.dxc4 c5 10.Bc3 Bb7 11.Nbd2 Be7 12.g3 f6 13.O-O Qc7 14.Qe2 Qc6 15.exf6 Bxf6
16.Bxf6 gxf6 17.Rae1 f5 18.Kh2 O-O-O 19.Rg1 Rdf8 20.Ne5 Nxe5 21.Qxe5 Rh6
22.Nb3 d6 23.Qg7 Rff6 24.Na5 Qf3 25.Nxb7 Qxb7 26.Qg8+ Kc7 27.Re3 Qc8 28.Qg7+ Kb8
29.f4 Ka8 30.Rd1 Rhg6 31.Qh7 e5 32.fxe5 dxe5 33.Rd7 f4 34.Rxa7+ Kb8 35.gxf4 Rg2+
36.Kxg2 Qg4+ 37.Rg3 Qe2+ 38.Kg1 Qe1+ 39.Kg2 Qe2+ 40.Kg1 Qe1+  1/2-1/2

[Event "Dreifluesse op 7th"]
[Site "Passau"]
[Date "1999.04.03"]
[Round "3"]
[White "Holzner, Stefan"]
[Black "Nussbaecher, Andreas"]
[Result "1-0"]
[WhiteElo "1869"]
[BlackElo "2162"]

1.e4 c5 2.Nf3 Nc6 3.Bb5 g6 4.O-O Bg7 5.c3 e6 6.d4 cxd4 7.cxd4 Qb6 8.Bxc6 dxc6
9.Na3 Ne7 10.Nc4 Qc7 11.g3 O-O 12.Bf4 Qd8 13.Qd2 b6 14.Bh6 Ba6 15.Bxg7 Kxg7
16.Rfc1 f5 17.Ng5 Bxc4 18.Rxc4 Qd6 19.Qc3 Kg8 20.e5 Qd7 21.Qb4 Rfd8 22.Nf3 h6
23.h4 Kf7 24.a4 Qd5 25.Rc3 Rac8 26.a5 c5 27.dxc5 bxc5 28.Qa3 c4 29.Rac1 Rc5
30.b4 Rc7 31.Qa4 Rb8 32.Rb1 Qb5 33.Qc2 Nd5 34.Nd4 Qa6 35.b5 Nxc3 36.bxa6 Nxb1
37.Qc1 c3 38.Qxh6 Rg8 39.Qg5 Re7 40.Nc6 Rc7 41.Qf6+ Ke8 42.Qd8+  1-0